Pays qui contiennent la lettre F - Statistiques

Statistiques générales
  • Ce quiz a été pris 319 fois
  • Le résultat moyen est 5 sur 8
Statistiques - réponses
Indice Pays % Correct
1 x F Finlande
98%
1 x F France
97%
1 x F Fidji
83%
1 x F Afghanistan
73%
1 x F Afrique du Sud
67%
1 x F République Centrafricaine
35%
1 x F Burkina Faso
31%
1 x F États Fédérés de Micronésie
15%
Aucun quiz correspondant
Distribution des résultats
% des personnes avec chaque résultat
Percentile par nombre de réponses
Votre historique - résultats
Vous n’avez pas pris ce quiz